[Event "Barcelona Espiga de les Corts-B 1st"]
[Site "Barcelona"]
[Date "2018.06.09"]
[Round "9.1"]
[White "Pallas Casadevalls, Joaquim"]
[Black "Sierra Muntane, Luis"]
[Result "0-1"]
[WhiteElo "1616"]
[BlackElo "1784"]
[PlyCount "26"]
[EventDate "2018.04.14"]
[EventType "swiss"]
[EventRounds "9"]
[EventCountry "ESP"]
[SourceTitle "EXT 2024"]
[Source "ChessBase"]
[SourceDate "2023.10.10"]
[SourceVersion "1"]
[SourceVersionDate "2023.10.10"]
[SourceQuality "1"]

1. d4 d5 2. Bf4 Nf6 3. Nf3 c5 4. e3 Nc6 5. Bb5 Qa5+ 6. Nc3 Ne4 7. Bxc6+ bxc6 8. dxc5 Ba6 9. a3 Nxc3 10. bxc3 Qxc3+ 11. Nd2 e5 12. Bg3 Bxc5 13. Rg1 0-0 0-1

[Event "Barcelona Espiga de les Corts-B 1st"]
[Site "Barcelona"]
[Date "2018.05.05"]
[Round "4.3"]
[White "Gutierrez Palomino, Albert"]
[Black "Sierra Muntane, Luis"]
[Result "1-0"]
[WhiteElo "2066"]
[BlackElo "1784"]
[PlyCount "65"]
[EventDate "2018.04.14"]
[EventType "swiss"]
[EventRounds "9"]
[EventCountry "ESP"]
[SourceTitle "EXT 2024"]
[Source "ChessBase"]
[SourceDate "2023.10.10"]
[SourceVersion "1"]
[SourceVersionDate "2023.10.10"]
[SourceQuality "1"]

1. c4 c5 2. Nf3 Nc6 3. Nc3 d6 4. g3 e5 5. Bg2 g6 6. 0-0 Bg7 7. d3 Nge7 8. a3 0-0 9. Rb1 a5 10. Bd2 Bd7 11. e3 f5 12. Qc2 Rb8 13. Nb5 Be8 14. Ng5 Qd7 15. f4 h6 16. Nf3 Bf7 17. Bc3 Rfe8 18. b3 d5 19. fxe5 d4 20. exd4 cxd4 21. Bd2 Nxe5 22. Nxe5 Bxe5 23. Bxh6 Nc6 24. Qf2 Kh7 25. Bg5 Kg7 26. Rbe1 Rh8 27. Bf4 Bxf4 28. Qxf4 Rbd8 29. Re2 Rh5 30. Rfe1 Rdh8 31. Bxc6 bxc6 32. Qxd4+ Qxd4+ 33. Nxd4 1-0

[Event "Barcelona Espiga de les Corts-B 1st"]
[Site "Barcelona"]
[Date "2018.04.21"]
[Round "2.2"]
[White "Recio Reyes, Sergio"]
[Black "Sierra Muntane, Luis"]
[Result "1-0"]
[WhiteElo "1803"]
[BlackElo "1784"]
[PlyCount "115"]
[EventDate "2018.04.14"]
[EventType "swiss"]
[EventRounds "9"]
[EventCountry "ESP"]
[SourceTitle "EXT 2024"]
[Source "ChessBase"]
[SourceDate "2023.10.10"]
[SourceVersion "1"]
[SourceVersionDate "2023.10.10"]
[SourceQuality "1"]

1. d4 d5 2. Nf3 Nf6 3. Bf4 c5 4. c3 Nc6 5. e3 Qb6 6. Qb3 c4 7. Qxb6 axb6 8. Nbd2 Bf5 9. Nh4 e6 10. f3 h6 11. Nxf5 exf5 12. e4 fxe4 13. fxe4 b5 14. e5 Nd7 15. Be2 b4 16. 0-0 Be7 17. Bg4 Nb6 18. e6 fxe6 19. Bxe6 Ra6 20. Bc7 Nd8 21. Bxd8 Kxd8 22. Rf7 Re8 23. Bg4 Bg5 24. Nf3 Re3 25. Rxb7 bxc3 26. bxc3 Rxc3 27. Rb1 Rc1+ 28. Rxc1 Bxc1 29. Kf1 c3 30. Ke1 g6 31. Kd1 Bb2 32. Ne5 Nc4 33. Rb8+ Kc7 34. Rc8+ Kd6 35. Nxc4+ dxc4 36. Rxc4 Rxa2 37. Bf3 Ra6 38. Rc8 Ke6 39. Be4 Kf6 40. Rg8 Kg5 41. g3 h5 42. d5 Rd6 43. Kc2 Kh6 44. Rc8 Rf6 45. Rc6 Rf2+ 46. Kb3 Rxh2 47. Rxg6+ Kh7 48. Rc6+ Kg8 49. Rc7 Kf8 50. Bg6 Rd2 51. Rf7+ Kg8 52. Ra7 Rg2 53. Bxh5 Rxg3 54. Ra8+ Kg7 55. d6 Kf6 56. Be2 Rg2 57. Re8 Kf7 58. d7 1-0